01129nam a22003134a 4500001001100000003000800011006001900019007001500038008004100053010001700094020002200111040002100133035002000154050003000174082001800204100001800222245006200240260004300302300002500345500002000370533015200390630001200542650003400554650003900588655002900627710001700656856012500673999001700798ebr5003122CaPaEBRm u cr cn|||||||||010504s2001 azua s 001 0 eng  z 2001032383 z1576106055 (pbk.) aCaPaEBRcCaPaEBR a(OCoLC)4999526814aQA76.76.O63bB4497 2001eb04a005.4/4692211 aBell, Mark R.14aThe Mac OS X bookh[electronic resource] /cMark R. Bell. aScottsdale, Ariz. :bCoriolis,cc2001. axxii, 544 p. :bill. aIncludes index. aElectronic reproduction.bPalo Alto, Calif. :cebrary,d2013.nAvailable via World Wide Web.nAccess may be limited to ebrary affiliated libraries.00aMac OS. 0aOperating systems (Computers) 0aMacintosh (Computer)xProgramming. 7aElectronic books.2local2 aebrary, Inc.40uhttp://site.ebrary.com/lib/rucke/Doc?id=5003122zAn electronic book accessible through the World Wide Web; click to view c16771d16771